| 000 | 00630nam a22001457a 4500 | ||
|---|---|---|---|
| 999 |
_c530097 _d530097 |
||
| 008 | 250527b ||||| |||| 00| 0 eng d | ||
| 100 |
_aZeemering, Eric S. _953759 |
||
| 245 | _aThe adaptable country: How Canada can survive the twenty-first century. | ||
| 260 | _aPublic Administration Review | ||
| 300 | _a85(1), Jan-Feb, 2025: p.257-259 | ||
| 520 | _a Alasdair Roberts, Montreal: McGill-Queen's University Press. 2024. pp. 192. $24.95 CAD (paperback). ISBN: 9780228022008 https://onlinelibrary.wiley.com/doi/10.1111/puar.13915 | ||
| 773 | _aPublic Administration Review | ||
| 906 | _aBOOK REVIEW | ||
| 942 | _cAR | ||